Countries of the World, but Invisible? - Statistics

General Stats
  • This quiz has been taken 107 times
  • The average score is 146 of 196
Answers on the Map
Answers color-coded by a green-red scale on the quiz's map according to % correct below.
 
Answer Stats
Country % Correct
Canada
96%
United States
91%
France
89%
Russia
89%
Spain
89%
Brazil
87%
China
87%
Mexico
87%
United Kingdom
87%
Argentina
85%
Austria
85%
Egypt
85%
Italy
85%
Mongolia
85%
Poland
85%
Portugal
85%
Uruguay
85%
Bolivia
83%
Chile
83%
Colombia
83%
Czechia
83%
Germany
83%
Greece
83%
India
83%
North Korea
83%
Panama
83%
South Korea
83%
Ukraine
83%
Andorra
80%
Australia
80%
Croatia
80%
Denmark
80%
Estonia
80%
Finland
80%
Guatemala
80%
Indonesia
80%
Iran
80%
Iraq
80%
Japan
80%
Kazakhstan
80%
Latvia
80%
Morocco
80%
Netherlands
80%
New Zealand
80%
Paraguay
80%
Peru
80%
Saudi Arabia
80%
Switzerland
80%
Vatican City
80%
Venezuela
80%
Vietnam
80%
Albania
78%
Azerbaijan
78%
Chad
78%
Cuba
78%
Democratic Republic of the Congo
78%
Dominican Republic
78%
Guyana
78%
Honduras
78%
Ireland
78%
Kenya
78%
Nepal
78%
Norway
78%
Oman
78%
Papua New Guinea
78%
Serbia
78%
South Sudan
78%
Thailand
78%
Turkey
78%
Yemen
78%
Zimbabwe
78%
Afghanistan
76%
Bahamas
76%
Barbados
76%
Belarus
76%
Belgium
76%
Costa Rica
76%
Ecuador
76%
Guinea
76%
Iceland
76%
Jamaica
76%
Laos
76%
Libya
76%
Liechtenstein
76%
Lithuania
76%
Nicaragua
76%
Niger
76%
Pakistan
76%
Qatar
76%
Republic of the Congo
76%
Senegal
76%
Slovakia
76%
Slovenia
76%
Sudan
76%
Suriname
76%
Sweden
76%
Uzbekistan
76%
Zambia
76%
Algeria
74%
Angola
74%
Antigua and Barbuda
74%
Bangladesh
74%
Bulgaria
74%
Djibouti
74%
Georgia
74%
Hungary
74%
Ivory Coast
74%
Kyrgyzstan
74%
Malaysia
74%
Myanmar
74%
Nigeria
74%
Romania
74%
Rwanda
74%
South Africa
74%
Syria
74%
Tanzania
74%
Turkmenistan
74%
Uganda
74%
Bosnia and Herzegovina
72%
Cambodia
72%
Cameroon
72%
Central African Republic
72%
Cyprus
72%
Equatorial Guinea
72%
Eritrea
72%
Ethiopia
72%
Haiti
72%
Jordan
72%
Kiribati
72%
Kosovo
72%
Kuwait
72%
Lesotho
72%
Luxembourg
72%
Moldova
72%
Montenegro
72%
Namibia
72%
North Macedonia
72%
Philippines
72%
Taiwan
72%
United Arab Emirates
72%
Belize
70%
Brunei
70%
Cape Verde
70%
Dominica
70%
El Salvador
70%
Fiji
70%
Gabon
70%
Ghana
70%
Israel
70%
Lebanon
70%
Maldives
70%
Mauritania
70%
Micronesia
70%
San Marino
70%
Somalia
70%
Sri Lanka
70%
Tajikistan
70%
Tunisia
70%
Armenia
67%
Benin
67%
Botswana
67%
Burkina Faso
67%
Mali
67%
Malta
67%
Monaco
67%
Mozambique
67%
Palau
67%
Saint Vincent and the Grenadines
67%
Singapore
67%
Togo
67%
Bahrain
65%
Bhutan
65%
Burundi
65%
Gambia
65%
Madagascar
65%
Mauritius
65%
Saint Kitts and Nevis
65%
Saint Lucia
65%
Eswatini
63%
Guinea-Bissau
63%
Nauru
63%
Sao Tome and Principe
63%
Seychelles
63%
Timor Leste
63%
Trinidad and Tobago
63%
Tuvalu
63%
Comoros
61%
Grenada
61%
Malawi
61%
Vanuatu
61%
Liberia
59%
Samoa
59%
Sierra Leone
59%
Solomon Islands
59%
Tonga
59%
Marshall Islands
57%
No matching quizzes found
Score Distribution
Percent of People with Each Score
Percentile by Number Answered
Your Score History
You have not taken this quiz